Normal view
MARC view
- تاليف الصمادي، محمد جميل / م مشارك ماجد محمد الدويري
Entry Personal Name
001 - CONTROL NUMBER
- control field: 15342
003 - CONTROL NUMBER IDENTIFIER
- control field: JO-AjAnu
005 - DATE AND TIME OF LATEST TRANSACTION
- control field: 20230606072740.0
008 - FIXED-LENGTH DATA ELEMENTS
- fixed length control field: 230606|| aca||aabn | a|a d
040 ## - CATALOGING SOURCE
- Original cataloging agency: JO-AjAnu
- Transcribing agency: JO-AjAnu
100 ## - HEADING--PERSONAL NAME
- Personal name: تاليف الصمادي، محمد جميل / م مشارك ماجد محمد الدويري
670 ## - SOURCE DATA FOUND
- Source citation: Work cat.: (JO-AjAnu)7877: تاليف الصمادي، محمد جميل / م مشارك ماجد محمد الدويري , author, القياسات الكهربائية والالكترونية=Electrical and Electronic Measurments